[Event "Quebec op"]
[Site "Montreal CAN"]
[Date "1996.08.03"]
[Round "9"]
[White "Hergott, Deen"]
[Black "Vera, Reynaldo"]
[Result "1/2-1/2"]
[WhiteElo "2390"]
[BlackElo "2495"]
[PlyCount "97"]
[EventDate "1996.07.27"]
[EventType "swiss"]
[EventRounds "9"]
[EventCountry "CAN"]

1. Nf3 Nf6 2. g3 b6 3. Bg2 Bb7 4. O-O e6 5. c4 Be7 6. d4 O-O 7. d5 exd5 8. Nh4
c6 9. cxd5 Nxd5 10. Nf5 Na6 11. e4 Ndc7 12. Nc3 Nc5 13. Re1 N5e6 14. Qg4 Ne8
15. b3 Nf6 16. Qh4 Nd5 17. Nxe7+ Nxe7 18. e5 f6 19. Ba3 Ng6 20. Qh5 fxe5 21.
Bxf8 Qxf8 22. Rad1 d5 23. h4 Qf6 24. Qf3 Qe7 25. h5 e4 26. Nxe4 dxe4 27. Qxe4
Ngf8 28. Qe5 Re8 29. Rd6 Qf7 30. Bxc6 Bxc6 31. Rxc6 Qf3 32. Rc3 Ng5 33. Qxe8
Qxc3 34. Re3 Qd4 35. Kg2 Qd5+ 36. Kg1 Nh3+ 37. Kf1 Qh1+ 38. Ke2 Qg2 39. Kd3
Nxf2+ 40. Kc4 Ng4 41. Re7 Qf1+ 42. Kb4 Qf5 43. Qb5 a5+ 44. Ka4 Nh6 45. Qxf5
Nxf5 46. Rb7 Nxg3 47. Rxb6 Nxh5 48. Kxa5 Nf6 49. a4 1/2-1/2

[Event "CAN-op"]
[Site "Calgary CAN"]
[Date "1996.07.13"]
[Round "1"]
[White "Cairns, Rob"]
[Black "Hergott, Deen"]
[Result "0-1"]
[WhiteElo "1925"]
[BlackElo "2512"]
[PlyCount "40"]
[EventDate "1996.07.13"]
[EventType "swiss"]
[EventRounds "10"]
[EventCountry "CAN"]
[SourceDate "2003.08.17"]

1. e4 c5 2. Nf3 Nc6 3. d4 cxd4 4. Nxd4 e5 5. Nb3 Nf6 6. Nc3 Bb4 7. Bd2 Bxc3 8.
Bxc3 Nxe4 9. Qe2 Nxc3 10. bxc3 O-O 11. Rd1 a5 12. Qb5 a4 13. Nc5 Qe7 14. Nxa4
Qa3 15. Nb6 Qxc3+ 16. Rd2 Rxa2 17. Be2 Nd4 18. Qd3 Ra1+ 19. Bd1 Rxd1+ 20. Kxd1
Qa1# 0-1

[Event "CAN-op"]
[Site "Calgary CAN"]
[Date "1996.07.14"]
[Round "2"]
[White "Hergott, Deen"]
[Black "Gibney, Eugene"]
[Result "1-0"]
[WhiteElo "2512"]
[BlackElo "2081"]
[PlyCount "87"]
[EventDate "1996.07.13"]
[EventType "swiss"]
[EventRounds "10"]
[EventCountry "CAN"]
[SourceDate "2003.08.17"]

1. d4 Nf6 2. Bg5 d5 3. Nd2 Nbd7 4. e3 h6 5. Bf4 g5 6. Bg3 Bg7 7. Bd3 c5 8. c3
h5 9. h4 g4 10. Ne2 a6 11. O-O O-O 12. e4 dxe4 13. Nxe4 Nxe4 14. Bxe4 Nf6 15.
Bc2 c4 16. Qd2 Qd5 17. Be5 Ne4 18. Qe3 f5 19. Bxe4 fxe4 20. Qg5 Qf7 21. Ng3 Kh7
22. Bxg7 Qxg7 23. Qxh5+ Qh6 24. Qxh6+ Kxh6 25. Rae1 Rf7 26. Rxe4 b5 27. Rfe1
Ra7 28. Re5 Rb7 29. Rh5+ Kg7 30. Ree5 Rb6 31. Reg5+ Rg6 32. Rxg6+ Kxg6 33. Rh8
Bb7 34. Rg8+ Rg7 35. h5+ Kh7 36. Rxg7+ Kxg7 37. Nf5+ Kh8 38. Nxe7 Be4 39. Kh2
Kg7 40. Kg3 Kf6 41. Kf4 Bxg2 42. h6 Bf1 43. Nf5 Bd3 44. h7 1-0

[Event "CAN-op"]
[Site "Calgary CAN"]
[Date "1996.07.14"]
[Round "3"]
[White "Wilson, Ted"]
[Black "Hergott, Deen"]
[Result "0-1"]
[WhiteElo "2177"]
[BlackElo "2512"]
[PlyCount "90"]
[EventDate "1996.07.13"]
[EventType "swiss"]
[EventRounds "10"]
[EventCountry "CAN"]
[SourceDate "2003.08.17"]

1. e4 g6 2. d4 Bg7 3. Bc4 b5 4. Bxb5 c5 5. Bc4 cxd4 6. Nf3 Nc6 7. O-O e6 8. Re1
Nge7 9. c3 Qb6 10. cxd4 Nxd4 11. Nc3 O-O 12. Rb1 Bb7 13. Be3 Nxf3+ 14. Qxf3 Qc7
15. Qe2 f5 16. Nb5 Qc6 17. Bg5 Rf7 18. Rbd1 Nc8 19. f3 fxe4 20. fxe4 Nb6 21. b3
Nxc4 22. Qxc4 Qxc4 23. bxc4 Be5 24. Nd6 Bxd6 25. Rxd6 Rc8 26. Red1 Bc6 27. e5
Rf5 28. Bf6 Rb8 29. h3 Rf4 30. c5 Rc4 31. R1d2 Rxc5 32. Kh2 Rb7 33. Kg3 Rd5 34.
R2xd5 Bxd5 35. Ra6 Kf7 36. a3 h6 37. h4 Bc6 38. Kh3 Bb5 39. Rd6 Bc6 40. Rd3 Rb2
41. g4 a5 42. g5 h5 43. Bd8 a4 44. Bc7 Bg2+ 45. Kg3 Rb3 0-1

[Event "CAN-op"]
[Site "Calgary CAN"]
[Date "1996.07.15"]
[Round "4"]
[White "Hergott, Deen"]
[Black "Sasata, Robert"]
[Result "1/2-1/2"]
[WhiteElo "2512"]
[BlackElo "2312"]
[PlyCount "60"]
[EventDate "1996.07.13"]
[EventType "swiss"]
[EventRounds "10"]
[EventCountry "CAN"]
[SourceDate "2003.08.17"]

1. g3 g6 2. Bg2 Bg7 3. c4 d6 4. Nc3 e5 5. e3 Nf6 6. Nge2 O-O 7. O-O c6 8. d4
Nbd7 9. b3 Re8 10. Ba3 Nf8 11. h3 e4 12. Qc2 Qe7 13. g4 h5 14. g5 N6h7 15. Nxe4
Nxg5 16. Bxd6 Nxh3+ 17. Bxh3 Qxe4 18. Qxe4 Rxe4 19. Bxc8 Rxc8 20. Rad1 Nd7 21.
c5 Bf8 22. Bxf8 Kxf8 23. Nc3 Re7 24. e4 f5 25. exf5 gxf5 26. Rfe1 Rg7+ 27. Kh2
Kf7 28. Rg1 Rcg8 29. Rxg7+ Rxg7 30. b4 Kf6 1/2-1/2

[Event "CAN-op"]
[Site "Calgary CAN"]
[Date "1996.07.16"]
[Round "5"]
[White "Ferrar, John"]
[Black "Hergott, Deen"]
[Result "1-0"]
[WhiteElo "2272"]
[BlackElo "2512"]
[PlyCount "79"]
[EventDate "1996.07.13"]
[EventType "swiss"]
[EventRounds "10"]
[EventCountry "CAN"]
[SourceDate "2003.08.17"]

1. e4 e6 2. d4 d5 3. Nd2 c5 4. Ngf3 Nf6 5. e5 Nfd7 6. c3 b6 7. Bb5 Be7 8. Qe2
a5 9. O-O Ba6 10. c4 Bxb5 11. cxb5 a4 12. a3 O-O 13. Re1 Re8 14. Nb1 cxd4 15.
Nxd4 Bc5 16. Nf3 Nf8 17. Nc3 Qc7 18. Qd1 Qa7 19. h4 Nbd7 20. h5 h6 21. Bf4 Nh7
22. Qd2 Qa5 23. Rad1 Rac8 24. Rc1 Red8 25. Qd3 Be7 26. Nd4 Nc5 27. Qg3 Bg5 28.
Bxg5 Nxg5 29. Nc6 Rxc6 30. bxc6 d4 31. Red1 Nb3 32. Rc2 b5 33. Qd3 b4 34. axb4
Qxb4 35. Qb5 Qe7 36. Nxa4 d3 37. Qxb3 dxc2 38. Rxd8+ Qxd8 39. Qxc2 Qc7 40. f4
1-0

[Event "CAN-op"]
[Site "Calgary CAN"]
[Date "1996.07.17"]
[Round "6"]
[White "Hergott, Deen"]
[Black "Niksic, John"]
[Result "1-0"]
[WhiteElo "2512"]
[BlackElo "2134"]
[PlyCount "65"]
[EventDate "1996.07.13"]
[EventType "swiss"]
[EventRounds "10"]
[EventCountry "CAN"]
[SourceDate "2003.08.17"]

1. d4 Nf6 2. Nf3 e6 3. g3 b6 4. Bg2 Bb7 5. c4 Bb4+ 6. Bd2 Bxd2+ 7. Qxd2 d6 8.
d5 a5 9. Nc3 Nbd7 10. O-O Nc5 11. Nd4 Qd7 12. e4 e5 13. Nf5 g6 14. Nh6 Ng8 15.
Nxg8 Rxg8 16. f4 f6 17. Rf2 O-O-O 18. Raf1 Rg7 19. b3 Kb8 20. Qc2 g5 21. fxe5
fxe5 22. a3 Qe7 23. b4 axb4 24. axb4 Nd7 25. Nd1 Rf8 26. Rxf8+ Nxf8 27. Ne3 Rf7
28. Ra1 h5 29. Nf5 Qd7 30. c5 Bxd5 31. exd5 Qxf5 32. Be4 Qg4 33. Qa4 1-0

[Event "CAN-op"]
[Site "Calgary CAN"]
[Date "1996.07.18"]
[Round "7"]
[White "Maric, Victor"]
[Black "Hergott, Deen"]
[Result "0-1"]
[WhiteElo "2191"]
[BlackElo "2512"]
[PlyCount "68"]
[EventDate "1996.07.13"]
[EventType "swiss"]
[EventRounds "10"]
[EventCountry "CAN"]
[SourceDate "2003.08.17"]

1. e4 c5 2. Nf3 Nc6 3. Nc3 g6 4. d4 cxd4 5. Nxd4 Bg7 6. Be3 Nf6 7. Be2 O-O 8.
O-O d6 9. Kh1 Nxd4 10. Bxd4 Bd7 11. f4 Bc6 12. Bf3 Qa5 13. Nd5 Bxd5 14. exd5
Rfe8 15. Re1 Rac8 16. c3 Bh6 17. Qb3 Bxf4 18. Qxb7 Rc7 19. Qb3 Nd7 20. a4 Be5
21. Bf2 Rb8 22. Qa3 Qa6 23. Rac1 Qc8 24. Re4 Nc5 25. Bxc5 Rxc5 26. Rb4 Rxb4 27.
Qxb4 Rc4 28. Qb5 Rh4 29. Re1 Qf5 30. Qe8+ Kg7 31. Qxe7 Qf4 32. Kg1 Qxh2+ 33.
Kf1 Rxa4 34. Re2 Ra1+ 0-1

[Event "CAN-op"]
[Site "Calgary CAN"]
[Date "1996.07.19"]
[Round "8"]
[White "Hergott, Deen"]
[Black "Frialde, Arniel"]
[Result "1-0"]
[WhiteElo "2512"]
[BlackElo "2312"]
[PlyCount "121"]
[EventDate "1996.07.13"]
[EventType "swiss"]
[EventRounds "10"]
[EventCountry "CAN"]
[SourceDate "2003.08.17"]

1. d4 g6 2. e4 Bg7 3. Nc3 c6 4. f4 d5 5. e5 h5 6. Be3 Nh6 7. Nf3 Bg4 8. Bd3 e6
9. h3 Bxf3 10. Qxf3 h4 11. O-O-O Nd7 12. Kb1 Nf5 13. Bf2 Bf8 14. Ne2 Qb6 15. c4
Qa5 16. Rc1 Be7 17. Rc2 Qd8 18. cxd5 cxd5 19. Rhc1 a6 20. Be1 Rb8 21. Bxf5 gxf5
22. Ng1 Kf8 23. Qb3 Qb6 24. Qa4 Qd8 25. Ba5 b5 26. Bxd8 bxa4 27. Bxe7+ Kxe7 28.
Rc7 Rb4 29. Nf3 Rhb8 30. R1c2 Kd8 31. Kc1 Ke8 32. a3 R4b7 33. Rxb7 Rxb7 34.
Nxh4 Nb6 35. Nf3 Nc4 36. g4 fxg4 37. hxg4 Rb3 38. Nd2 Nxd2 39. Kxd2 Rg3 40. Rc6
Rg2+ 41. Kc3 Rg3+ 42. Kb4 Rxg4 43. Rxa6 Rxf4 44. Kc3 Rf3+ 45. Kc2 Rf2+ 46. Kb1
Rf1+ 47. Ka2 Rd1 48. Rxa4 f5 49. exf6 Kf7 50. Rb4 Kxf6 51. a4 e5 52. dxe5+ Kxe5
53. a5 Rc1 54. Rb8 Kd4 55. b4 Rc2+ 56. Kb3 Rc1 57. Kb2 Rh1 58. a6 Rh2+ 59. Kb3
Rh1 60. a7 Ra1 61. a8=Q 1-0

[Event "CAN-op"]
[Site "Calgary CAN"]
[Date "1996.07.20"]
[Round "9"]
[White "Hergott, Deen"]
[Black "O'Donnell, Tom"]
[Result "1/2-1/2"]
[WhiteElo "2512"]
[BlackElo "2437"]
[PlyCount "81"]
[EventDate "1996.07.13"]
[EventType "swiss"]
[EventRounds "10"]
[EventCountry "CAN"]
[SourceDate "2003.08.17"]

1. g3 d5 2. Bg2 Nf6 3. d3 c6 4. Nf3 Bg4 5. h3 Bxf3 6. exf3 e6 7. f4 Bd6 8. Nd2
O-O 9. Nf3 Nbd7 10. O-O Re8 11. Re1 e5 12. fxe5 Nxe5 13. Nd4 Bc7 14. Bg5 h6 15.
Be3 Qd7 16. b4 a5 17. a3 axb4 18. axb4 Bb6 19. Qd2 Rxa1 20. Rxa1 Nh7 21. f4 Ng6
22. Bf2 h5 23. Nf3 Bxf2+ 24. Qxf2 h4 25. Nxh4 Nxh4 26. gxh4 Qd6 27. b5 Nf6 28.
bxc6 bxc6 29. c4 dxc4 30. dxc4 Qd3 31. Qc5 Re2 32. Ra8+ Kh7 33. Ra3 Qb1+ 34.
Kh2 Qe4 35. Rg3 Qxf4 36. Qg5 Qxg5 37. hxg5 Ne4 38. Rg4 Nd6 39. Kg1 Rc2 40. Bxc6
Rxc4 41. Rxc4 1/2-1/2

[Event "Eastern Ontario op"]
[Site "Ottawa CAN"]
[Date "1996.06.15"]
[Round "1"]
[White "Groleau, Gilles"]
[Black "Hergott, Deen"]
[Result "0-1"]
[WhiteElo "2165"]
[BlackElo "2511"]
[PlyCount "92"]
[EventDate "1996.06.15"]
[EventType "swiss"]
[EventRounds "5"]
[EventCountry "CAN"]

1. e4 d6 2. d4 Nf6 3. Nc3 g6 4. Nf3 Bg7 5. Be2 O-O 6. O-O a6 7. a4 b6 8. Re1 c5
9. dxc5 dxc5 10. Bf4 Bb7 11. Qxd8 Rxd8 12. Bc7 Rc8 13. Bxb6 a5 14. Nd2 Nfd7 15.
Nc4 Bxc3 16. bxc3 Bxe4 17. Bf3 Bxf3 18. gxf3 Ra6 19. Rab1 Nc6 20. Rb5 Nxb6 21.
Nxb6 Rd8 22. Nc4 Rd5 23. Kg2 Rg5+ 24. Kf1 Rh5 25. Kg2 Kf8 26. f4 Rf5 27. Kg3 g5
28. fxg5 Rxg5+ 29. Kf4 Rh5 30. Kg3 Rg5+ 31. Kf4 Rg2 32. Kf3 Rxh2 33. Kg3 Rh5
34. Kg4 Rd5 35. Rh1 Kg7 36. Rh5 e6 37. Rxd5 exd5 38. Ne3 d4 39. Nf5+ Kf6 40.
Rxc5 dxc3 41. Rxc3 Ne5+ 42. Kf4 Ng6+ 43. Kg4 h5+ 44. Kxh5 Kxf5 45. Kh6 Ne5+ 46.
Kg7 f6 0-1

[Event "Eastern Ontario op"]
[Site "Ottawa CAN"]
[Date "1996.06.15"]
[Round "2"]
[White "Hergott, Deen"]
[Black "Goldenberg, Danny"]
[Result "1-0"]
[WhiteElo "2511"]
[BlackElo "2334"]
[PlyCount "105"]
[EventDate "1996.06.15"]
[EventType "swiss"]
[EventRounds "5"]
[EventCountry "CAN"]

1. Nf3 Nf6 2. c4 c5 3. Nc3 Nc6 4. d4 cxd4 5. Nxd4 g6 6. e4 d6 7. Be2 Bg7 8. O-O
O-O 9. Be3 Ne8 10. Nc2 f5 11. exf5 Bxf5 12. Nd4 e5 13. Nxf5 gxf5 14. f3 Nc7 15.
Qb3 Qd7 16. Rad1 Kh8 17. Nb5 Nxb5 18. cxb5 Nd4 19. Bxd4 exd4 20. f4 d5 21. Bf3
Rad8 22. Rfe1 Qd6 23. g3 Rf7 24. Re2 Qc5 25. Rc2 Qd6 26. Re1 h6 27. Kg2 Re7 28.
Rxe7 Qxe7 29. Re2 Qd6 30. Qd3 Qd7 31. Kf2 Bf6 32. Bg2 Bg7 33. Bh3 Rf8 34. Rc2
Qe6 35. Re2 Qd7 36. Re1 Qf7 37. Bf1 Qd7 38. Qd2 Qd6 39. Bd3 Qc7 40. Re6 Qd7 41.
Qe2 Qc7 42. Re8 Qc5 43. Rxf8+ Qxf8 44. Qe6 Qb4 45. Kf3 Qf8 46. Qxd5 b6 47. b3
Qc8 48. Bxf5 Qc3+ 49. Kg4 Qb4 50. Bd3 Qf8 51. Qf5 Qxf5+ 52. Kxf5 Kg8 53. Kg6
1-0

[Event "Eastern Ontario op"]
[Site "Ottawa CAN"]
[Date "1996.06.16"]
[Round "4"]
[White "Hergott, Deen"]
[Black "Schleifer, Michael"]
[Result "1/2-1/2"]
[WhiteElo "2511"]
[BlackElo "2433"]
[PlyCount "85"]
[EventDate "1996.06.15"]
[EventType "swiss"]
[EventRounds "5"]
[EventCountry "CAN"]

1. d4 Nf6 2. Nf3 b6 3. c4 e6 4. Nc3 Ba6 5. e4 d6 6. Bd3 Bb7 7. O-O Be7 8. Qc2
h6 9. b3 O-O 10. d5 e5 11. a3 Re8 12. Ne2 Bf8 13. Ng3 Nbd7 14. b4 g6 15. h3 Rc8
16. Be3 Kh7 17. Qd2 Ra8 18. Nh2 a5 19. Qb2 Qe7 20. Bd2 Reb8 21. Rae1 Bg7 22.
Bc3 Ra7 23. f4 exf4 24. Rxf4 Ne5 25. Bxe5 dxe5 26. Rf2 axb4 27. axb4 Rba8 28.
Ref1 Ra3 29. Qe2 Bc8 30. h4 h5 31. Nh1 Ra1 32. Qb2 Rxf1+ 33. Rxf1 Kg8 34. Nf2
Bd7 35. Rb1 Bh6 36. Nf1 Ne8 37. g3 g5 38. hxg5 Qxg5 39. Ra1 Rxa1 40. Qxa1 h4
41. Kg2 Ng7 42. Be2 hxg3 43. Nxg3 1/2-1/2

[Event "Eastern Ontario op"]
[Site "Ottawa CAN"]
[Date "1996.06.16"]
[Round "5"]
[White "Linskiy, Oleg"]
[Black "Hergott, Deen"]
[Result "1/2-1/2"]
[WhiteElo "2398"]
[BlackElo "2511"]
[PlyCount "40"]
[EventDate "1996.06.15"]
[EventType "swiss"]
[EventRounds "5"]
[EventCountry "CAN"]

1. e4 e6 2. d4 d5 3. Nc3 Nf6 4. exd5 exd5 5. Nf3 Bg4 6. Be2 c6 7. Ne5 Bxe2 8.
Nxe2 Nbd7 9. Nxd7 Qxd7 10. c3 Bd6 11. Bf4 O-O 12. O-O Rfe8 13. Bxd6 Qxd6 14.
Ng3 Qf4 15. Qc1 Qg4 16. f3 Qg6 17. Qb1 Re6 18. Qxg6 hxg6 19. Rfe1 Rae8 20. Kf2
Kf8 1/2-1/2

[Event "RA Spring op"]
[Site "Ottawa CAN"]
[Date "1996.03.17"]
[Round "4"]
[White "Johnstone, Glenn"]
[Black "Hergott, Deen"]
[Result "1-0"]
[WhiteElo "2265"]
[BlackElo "2445"]
[PlyCount "131"]
[EventDate "1996.03.15"]
[EventType "swiss"]
[EventRounds "5"]
[EventCountry "CAN"]

1. d4 g6 2. Nf3 Bg7 3. e4 d6 4. h3 Nf6 5. Nc3 O-O 6. Be2 c6 7. a4 Nbd7 8. O-O
Qc7 9. Be3 e5 10. dxe5 dxe5 11. Bc4 Ne8 12. Qd3 Nd6 13. Ba2 b6 14. b4 a5 15. b5
cxb5 16. Nd5 Qb8 17. Ne7+ Kh8 18. Rad1 Nb7 19. Qxb5 Nbc5 20. Nxc8 Qxc8 21. Ng5
Qe8 22. Bxc5 Nxc5 23. Qxe8 Raxe8 24. Nxf7+ Rxf7 25. Bxf7 Rf8 26. Bd5 Nxa4 27.
c4 Rb8 28. g3 g5 29. Rd3 Bf8 30. f4 gxf4 31. gxf4 exf4 32. Rxf4 Nb2 33. Rb3
Bc5+ 34. Kf1 Nd1 35. Rff3 a4 36. Rb1 Ne3+ 37. Ke2 Nc2 38. Kd2 Nd4 39. Rff1 a3
40. Kc3 Re8 41. Ra1 Re5 42. Rxa3 Ne2+ 43. Kb3 Nd4+ 44. Ka2 Bxa3 45. Kxa3 Rh5
46. Rb1 Rxh3+ 47. Ka4 Rh6 48. Rd1 Ne6 49. Rg1 Rf6 50. e5 Nc5+ 51. Kb5 Rf8 52.
e6 Nxe6 53. Bxe6 h5 54. Rg5 Rb8 55. Rxh5+ Kg7 56. Rf5 Kg6 57. Rf7 Re8 58. Bd5
Rd8 59. Kxb6 Re8 60. Rf1 Re2 61. c5 Rd2 62. Kc6 Rc2 63. Kd6 Kg5 64. c6 Kg6 65.
c7 Kg5 66. Bc6 1-0

[Event "RA Active ch"]
[Site "Ottawa CAN"]
[Date "1996.02.29"]
[Round "4"]
[White "Pacey, Kevin"]
[Black "Hergott, Deen"]
[Result "1/2-1/2"]
[WhiteElo "2165"]
[BlackElo "2552"]
[PlyCount "77"]
[EventDate "1996.02.22"]
[EventType "swiss (rapid)"]
[EventRounds "8"]
[EventCountry "CAN"]

1. e4 e6 2. d4 d5 3. Nc3 Nf6 4. Bg5 dxe4 5. Nxe4 Be7 6. Bxf6 gxf6 7. Nf3 b6 8.
Bb5+ c6 9. Bc4 Nd7 10. Qe2 Qc7 11. O-O-O Bb7 12. Kb1 O-O-O 13. Ba6 Bxa6 14.
Qxa6+ Qb7 15. Qc4 Kb8 16. Rhe1 Rhg8 17. Ng3 Bd6 18. Ne4 Be7 19. Ng3 h5 20. Nf5
Bf8 21. Ne3 b5 22. Qe2 Nb6 23. Nh4 Nd5 24. Qxh5 Bb4 25. c3 Bxc3 26. bxc3 Rh8
27. Qg4 f5 28. Qh3 Nxc3+ 29. Kb2 Nxd1+ 30. Rxd1 f4 31. Nc2 f5 32. g3 c5 33. Qf1
Rd5 34. dxc5 Rxc5 35. Qd3 Rhc8 36. Qd6+ Ka8 37. Nb4 a5 38. Nd3 Rc2+ 39. Kb1
1/2-1/2

[Event "Kingston op"]
[Site "Kingston CAN"]
[Date "1996.??.??"]
[Round "3"]
[White "Hergott, Deen"]
[Black "Djerkovic, Miladin"]
[Result "1-0"]
[WhiteElo "2445"]
[BlackElo "2265"]
[PlyCount "61"]
[EventDate "1996.02.17"]
[EventType "swiss"]
[EventRounds "5"]
[EventCountry "CAN"]

1. d4 Nf6 2. c4 g6 3. Nc3 Bg7 4. e4 d6 5. Nf3 O-O 6. Be2 e5 7. O-O Nc6 8. d5
Ne7 9. b4 a5 10. bxa5 Rxa5 11. Nd2 Nd7 12. Nb3 Ra8 13. a4 f5 14. f3 f4 15. g4
Bf6 16. Ba3 b6 17. a5 Nc5 18. axb6 cxb6 19. Bxc5 Rxa1 20. Qxa1 bxc5 21. Nb5 h5
22. h3 hxg4 23. hxg4 Rf7 24. Qa5 Qf8 25. Rf2 Rh7 26. Bf1 Bh4 27. Rh2 Nf5 28.
exf5 gxf5 29. g5 Rh5 30. Qc7 Rxg5+ 31. Kh1 1-0

[Event "Kingston op"]
[Site "Kingston CAN"]
[Date "1996.??.??"]
[Round "4"]
[White "Johnstone, Glenn"]
[Black "Hergott, Deen"]
[Result "1/2-1/2"]
[WhiteElo "2265"]
[BlackElo "2445"]
[PlyCount "39"]
[EventDate "1996.02.17"]
[EventType "swiss"]
[EventRounds "5"]
[EventCountry "CAN"]

1. d4 Nf6 2. Nf3 e6 3. e3 b6 4. Bd3 Bb7 5. Nbd2 c5 6. c3 Nc6 7. O-O Be7 8. Re1
Qc7 9. a3 d5 10. b4 O-O 11. Bb2 Rad8 12. Qe2 e5 13. dxe5 Nxe5 14. Nxe5 Qxe5 15.
Nf3 Qh5 16. bxc5 bxc5 17. c4 dxc4 18. Bxc4 Ne4 19. Rad1 Bd6 20. Ne5 1/2-1/2

[Event "Capablanca mem-B"]
[Site "Cienfuegos CUB"]
[Date "1996.??.??"]
[Round "1"]
[White "Sariego, Wilfredo"]
[Black "Hergott, Deen"]
[Result "1-0"]
[WhiteElo "2395"]
[BlackElo "2485"]
[PlyCount "53"]
[EventDate "1996.??.??"]
[EventType "tourn"]
[EventRounds "13"]
[EventCountry "CUB"]
[EventCategory "8"]
[Source "ChessBase"]
[SourceDate "1997.09.26"]

1. e4 e6 2. d4 d5 3. Nc3 Nf6 4. Bg5 Bb4 5. e5 h6 6. Bd2 Bxc3 7. bxc3 Ne4 8. Qg4
g6 9. Bd3 Nxd2 10. Kxd2 c5 11. h4 Nc6 12. Qf4 Qa5 13. Nf3 cxd4 14. Nxd4 Nxd4
15. Qxd4 Bd7 16. Rhb1 Qc7 17. Rb3 g5 18. Rh1 O-O-O 19. Qxa7 Bc6 20. Rhb1 gxh4
21. Rb6 d4 22. Ba6 Bxg2 23. Bxb7+ Bxb7 24. Rxb7 Qxc3+ 25. Kd1 Qf3+ 26. Kc1 Qh1+
27. Kd2 1-0

[Event "Capablanca mem-B"]
[Site "Cienfuegos CUB"]
[Date "1996.??.??"]
[Round "2"]
[White "Hergott, Deen"]
[Black "Alvarez, Jose"]
[Result "1-0"]
[WhiteElo "2485"]
[BlackElo "2415"]
[PlyCount "70"]
[EventDate "1996.??.??"]
[EventType "tourn"]
[EventRounds "13"]
[EventCountry "CUB"]
[EventCategory "8"]
[Source "ChessBase"]
[SourceDate "1997.09.26"]

1. Nf3 Nf6 2. c4 e6 3. g3 b6 4. Bg2 Bb7 5. O-O c5 6. Nc3 Be7 7. d4 cxd4 8. Qxd4
O-O 9. Rd1 Nc6 10. Qf4 a6 11. b3 b5 12. cxb5 axb5 13. Nxb5 Nd5 14. Qd2 Qb6 15.
a4 Ba6 16. e4 Nf6 17. Nfd4 Nxd4 18. Nxd4 Bb4 19. Qb2 Rab8 20. Be3 Qa5 21. Bd2
Bxd2 22. Qxd2 Qxd2 23. Rxd2 e5 24. Nf5 Rxb3 25. Ne7+ Kh8 26. Nd5 Rfb8 27. Nxf6
Rb1+ 28. Rd1 Rxa1 29. Rxa1 gxf6 30. Bf1 Bxf1 31. Kxf1 Kg7 32. a5 Kf8 33. a6 Ke7
34. a7 Ra8 35. Ra6 f5 1-0

[Event "Capablanca mem-B"]
[Site "Cienfuegos CUB"]
[Date "1996.??.??"]
[Round "3"]
[White "Leyva, Hector"]
[Black "Hergott, Deen"]
[Result "1/2-1/2"]
[WhiteElo "2385"]
[BlackElo "2485"]
[PlyCount "49"]
[EventDate "1996.??.??"]
[EventType "tourn"]
[EventRounds "13"]
[EventCountry "CUB"]
[EventCategory "8"]
[Source "ChessBase"]
[SourceDate "1997.09.26"]

1. d4 g6 2. c4 Bg7 3. Nc3 c5 4. d5 Bxc3+ 5. bxc3 f5 6. h4 d6 7. h5 Qa5 8. hxg6
hxg6 9. Rxh8 Qxc3+ 10. Qd2 Qxh8 11. Bb2 Qh6 12. e3 Nd7 13. O-O-O Ngf6 14. f3
Nb6 15. Nh3 Bd7 16. Bd3 O-O-O 17. Kb1 Nh5 18. f4 Ng3 19. Ng5 Re8 20. Rc1 Qh5
21. Qf2 Qg4 22. Qf3 Qh4 23. Qf2 Qg4 24. Qf3 Qh4 25. Qf2 1/2-1/2

[Event "Capablanca mem-B"]
[Site "Cienfuegos CUB"]
[Date "1996.??.??"]
[Round "4"]
[White "Hergott, Deen"]
[Black "Bellon Lopez, Juan Manuel"]
[Result "1/2-1/2"]
[WhiteElo "2485"]
[BlackElo "2505"]
[PlyCount "73"]
[EventDate "1996.??.??"]
[EventType "tourn"]
[EventRounds "13"]
[EventCountry "CUB"]
[EventCategory "8"]
[Source "ChessBase"]
[SourceDate "1997.09.26"]

1. c4 c5 2. Nc3 Nc6 3. g3 g6 4. Bg2 Bg7 5. a3 a5 6. Nf3 e5 7. O-O Nge7 8. d3 d6
9. Rb1 O-O 10. Bg5 f6 11. Bd2 Rb8 12. Ne1 Be6 13. Nc2 d5 14. cxd5 Nxd5 15. b4
cxb4 16. Nxd5 Bxd5 17. Bxd5+ Qxd5 18. axb4 axb4 19. Nxb4 Nxb4 20. Rxb4 b5 21.
Qb3 Qxb3 22. Rxb3 Rfc8 23. Rb2 Bf8 24. Rfb1 Ba3 25. Rxb5 Rxb5 26. Rxb5 Rc2 27.
Bh6 Rxe2 28. Rb7 Bc1 29. f4 Be3+ 30. Kh1 exf4 31. gxf4 Rd2 32. Rg7+ Kf8 33.
Rxg6+ Ke7 34. Rg7+ Kd6 35. Rxh7 Rxd3 36. Kg2 Ke6 37. f5+ 1/2-1/2

[Event "Capablanca mem-B"]
[Site "Cienfuegos CUB"]
[Date "1996.??.??"]
[Round "5"]
[White "Alonso, Rene"]
[Black "Hergott, Deen"]
[Result "0-1"]
[WhiteElo "2425"]
[BlackElo "2485"]
[PlyCount "120"]
[EventDate "1996.??.??"]
[EventType "tourn"]
[EventRounds "13"]
[EventCountry "CUB"]
[EventCategory "8"]
[Source "ChessBase"]
[SourceDate "1997.09.26"]

1. Nf3 d5 2. d4 Bg4 3. Ne5 Bf5 4. g3 Nd7 5. Nd3 e6 6. Bg2 Ngf6 7. Nd2 c6 8. c3
Bd6 9. Nf3 h6 10. O-O a5 11. a4 Qc7 12. Qb3 O-O 13. Bf4 Bxf4 14. Nxf4 b5 15.
axb5 cxb5 16. Nd3 Qc4 17. Nd2 Qxb3 18. Nxb3 Bxd3 19. exd3 a4 20. Nc5 Rfc8 21.
Nxd7 Nxd7 22. Ra3 b4 23. cxb4 Rcb8 24. Rfa1 Rxb4 25. b3 Nb6 26. bxa4 Raxa4 27.
Bf3 Rxd4 28. Rxa4 Rxa4 29. Rc1 Nd7 30. Rc8+ Kh7 31. Bh5 g6 32. Be2 Kg7 33. Rc7
Nf6 34. Kg2 Ra2 35. Kf1 Ra1+ 36. Kg2 Ra2 37. Kf1 h5 38. h3 Ne8 39. Rd7 Rc2 40.
Bd1 Rd2 41. Be2 Nf6 42. Rc7 Rb2 43. Ra7 Ne8 44. Rd7 Rb6 45. Ra7 Nd6 46. Ra1 Rb3
47. Kg2 Nb5 48. h4 Nd4 49. Bf1 Nc2 50. Rd1 Kf6 51. Kg1 Ke5 52. Rd2 Nb4 53. d4+
Kd6 54. Bb5 Nc6 55. Bxc6 Kxc6 56. Rc2+ Kd6 57. Rd2 Ke7 58. Kf1 Kf6 59. Ke2 Kf5
60. f3 f6 0-1

[Event "Capablanca mem-B"]
[Site "Cienfuegos CUB"]
[Date "1996.??.??"]
[Round "6"]
[White "Herrera, Irisberto"]
[Black "Hergott, Deen"]
[Result "1-0"]
[WhiteElo "2420"]
[BlackElo "2485"]
[PlyCount "101"]
[EventDate "1996.??.??"]
[EventType "tourn"]
[EventRounds "13"]
[EventCountry "CUB"]
[EventCategory "8"]
[Source "ChessBase"]
[SourceDate "1997.09.26"]

1. e4 c5 2. Nf3 Nc6 3. d4 cxd4 4. Nxd4 g6 5. c4 Nf6 6. Nc3 d6 7. Be2 Nxd4 8.
Qxd4 Bg7 9. Bg5 Qa5 10. Qd2 Be6 11. Rc1 O-O 12. f3 Rfc8 13. b3 a6 14. Nd5 Qxd2+
15. Kxd2 Bxd5 16. cxd5 Kf8 17. Be3 Nd7 18. b4 a5 19. Bb5 Ke8 20. bxa5 Kd8 21.
Bxd7 Kxd7 22. Rxc8 Kxc8 23. Bb6 Kd7 24. Rb1 f5 25. Kd3 fxe4+ 26. fxe4 Be5 27.
h3 Rc8 28. Bd4 Rc7 29. Bxe5 dxe5 30. Rb4 Kd6 31. Rb6+ Kd7 32. a4 Kc8 33. a6
bxa6 34. Rxa6 Rb7 35. Rc6+ Kd7 36. a5 Rb4 37. Rc4 Rb3+ 38. Rc3 Rb2 39. Rc2 Rb3+
40. Rc3 Rb2 41. Rc2 Rb3+ 42. Kc4 Re3 43. a6 Rxe4+ 44. Kb5 Re1 45. Ra2 Rb1+ 46.
Kc4 Rb8 47. a7 Ra8 48. Kd3 e6 49. dxe6+ Kxe6 50. Ke4 Kd6 51. g4 1-0

[Event "Capablanca mem-B"]
[Site "Cienfuegos CUB"]
[Date "1996.??.??"]
[Round "7"]
[White "Hergott, Deen"]
[Black "Rivera, Alberto"]
[Result "1/2-1/2"]
[WhiteElo "2485"]
[BlackElo "2415"]
[PlyCount "35"]
[EventDate "1996.??.??"]
[EventType "tourn"]
[EventRounds "13"]
[EventCountry "CUB"]
[EventCategory "8"]
[Source "ChessBase"]
[SourceDate "1997.09.26"]

1. Nf3 Nf6 2. c4 c5 3. Nc3 b6 4. g3 Bb7 5. Bg2 d6 6. O-O Nbd7 7. d4 cxd4 8.
Qxd4 a6 9. Bg5 Rb8 10. Rfd1 g6 11. e4 Bg7 12. Qe3 h6 13. Bxf6 Bxf6 14. Nd4 Bg7
15. f4 Qc8 16. Bh3 O-O 17. Nd5 Qd8 18. Rd2 1/2-1/2